000
00340nam a2200133 a 4500
005
20141022141959.0
008
120229s19uu xx 00 eng d
050
_a
CD-ROM
_b
P14 2006
100
_a
Pagel, Larry G.
245
_a
proofreading and editing precision /
_c
Larry G. Pagel.
250
_a
5th ed.
260
_c
2006.
942
_c
AVM
999
_c
276181
_d
276181